| 000 | 00449nam a22001457a 4500 | ||
|---|---|---|---|
| 082 |
_a338.45624 _bCON _cD |
||
| 245 |
_aThe construction industry in development _cSyed K. Kirmani |
||
| 260 |
_aWashington _bThe world bank _c1988 |
||
| 300 |
_a173 p. : _bill, _c24cm. |
||
| 526 |
_a0 _b0 _c0 _d338_456240000000000_CON |
||
| 526 |
_a0 _b0 _c0 _d338_456240000000000_CON |
||
| 526 |
_a0 _b0 _c0 _d338_456240000000000_CON |
||
| 650 |
_aMCE _9379 |
||
| 942 |
_2ddc _cBK |
||
| 999 |
_c542111 _d542111 |
||